[Event "Superettan(Schack 08-Vasteras)"]
[Site "?"]
[Date "2017.03.25"]
[Round "8"]
[White "Akesson, Ralf"]
[Black "Renman, Nils-Gustaf"]
[Result "1-0"]
[WhiteElo "2413"]
[BlackElo "2354"]
[PlyCount "125"]
1. d4 d5 2. c4 c6 3. e3 Nf6 4. Nc3 e6 5. Nf3 Nbd7 6. Qc2 Bd6 7. Be2 O-O 8. b3
b6 9. O-O Bb7 10. Bb2 Rc8 11. Rad1 Qe7 12. Rfe1 c5 13. cxd5 exd5 14. Qf5 Qe6
15. Bd3 g6 16. Qxe6 fxe6 17. h3 a6 18. Bb1 b5 19. dxc5 Bxc5 20. Ne2 Rfe8 21.
Ne5 Nxe5 22. Bxe5 Nd7 23. Bd4 Bb4 24. Rf1 e5 25. Bb2 Bc5 26. Kh1 Rc7 27. Rc1 b4
28. f4 Bb6 29. fxe5 Rxc1 30. Rxc1 Nxe5 31. Bd4 Bxd4 32. Nxd4 Rc8 33. Rxc8+ Bxc8
34. Kg1 Kf7 35. Kf2 a5 36. e4 Bb7 37. Ke3 Kf6 38. Nb5 Nf7 39. Kd4 dxe4 40. Bxe4
Bxe4 41. Kxe4 h5 42. Nd4 h4 43. Nc6 Nd6+ 44. Ke3 Nb7 45. Kf4 Nc5 46. Nxa5 Nd3+
47. Kg4 Nc1 48. Kxh4 Nxa2 49. Kg4 g5 50. Nb7 Nc3 51. Nc5 Kg6 52. Kf3 Nd5 53.
Nd3 Kf5 54. g3 Ke6 55. Ke4 Nc3+ 56. Ke3 Na2 57. Kd4 Kf5 58. g4+ Ke6 59. Kc4 Kd6
60. Nxb4 Nc1 61. Nd3 Ne2 62. b4 Kc6 63. Ne5+ 1-0

[Event "Superettan(Kamraterna-Burgsvik)"]
[Site "?"]
[Date "2017.03.25"]
[Round "8"]
[White "Andersson, Tommy"]
[Black "Svenn, Gosta"]
[Result "1/2-1/2"]
[WhiteElo "2404"]
[BlackElo "2334"]
[PlyCount "96"]
1. d4 d5 2. c4 e6 3. Nc3 Bb4 4. e3 Nf6 5. Nge2 dxc4 6. a3 Bd6 7. Ng3 O-O 8.
Bxc4 e5 9. d5 Re8 10. e4 c6 11. O-O cxd5 12. exd5 Nbd7 13. Ba2 Nb6 14. Qd3 e4
15. Qb5 Bd7 16. Qe2 Bg4 17. Qe3 Rc8 18. h3 Bd7 19. Qe2 Na4 20. Nxa4 Bxa4 21. b3
Be5 22. Rb1 Bd7 23. Rd1 e3 24. Bb2 Qb6 25. Bxe5 Rxe5 26. Kh2 Bb5 27. Qb2 Rxd5
28. Rxd5 Nxd5 29. b4 Nf6 30. fxe3 Qxe3 31. Rd1 h6 32. Qd4 Qxd4 33. Rxd4 Kf8 34.
Nf5 Bc6 35. b5 Bd7 36. Nd6 Rc2 37. Bxf7 Bxb5 38. Nxb5 Kxf7 39. Nxa7 Ra2 40. a4
Ke6 41. Nb5 g5 42. Rb4 Nd5 43. Nd4+ Kf6 44. Rxb7 Rxa4 45. Nf3 Ra2 46. Rb3 Nf4
47. Rb6+ Kf5 48. Rb5+ Kf6 1/2-1/2

[Event "Superettan(Schack 08-Vasteras)"]
[Site "?"]
[Date "2017.03.25"]
[Round "8"]
[White "Laveryd, Peter"]
[Black "Norberg, Johan"]
[Result "1/2-1/2"]
[WhiteElo "2381"]
[BlackElo "2298"]
[PlyCount "66"]
1. d4 d6 2. g3 g6 3. Bg2 Bg7 4. Nf3 Nf6 5. O-O Nbd7 6. c4 e5 7. Qc2 O-O 8. Rd1
Re8 9. Nc3 c6 10. h3 Qc7 11. e3 e4 12. Nd2 d5 13. b4 Nb6 14. c5 Nbd7 15. b5 Nf8
16. a4 h5 17. a5 h4 18. b6 Qb8 19. bxa7 Rxa7 20. Nf1 N8h7 21. g4 Ng5 22. Nh2
Nfh7 23. Ne2 Bh6 24. Nf4 Ne6 25. Nxe6 Bxe6 26. f4 exf3 27. Nxf3 Ng5 28. Ne5 Bg7
29. Qf2 Ne4 30. Bxe4 dxe4 31. Qxh4 Qd8 32. Qxd8 Rxd8 33. Bb2 Bxe5 1/2-1/2

[Event "Superettan(Kamraterna-Burgsvik)"]
[Site "?"]
[Date "2017.03.25"]
[Round "8"]
[White "Andreasson, Ingvar"]
[Black "Fries-Nielsen, Jens Ove"]
[Result "0-1"]
[WhiteElo "2363"]
[BlackElo "2337"]
[PlyCount "73"]
1. c4 d6 2. d4 f5 3. Nf3 Nf6 4. g3 c6 5. Bg2 Qc7 6. Nc3 e5 7. d5 Be7 8. O-O O-O
9. e4 Na6 10. Ng5 h6 11. Ne6 Bxe6 12. dxe6 fxe4 13. Nxe4 Nxe4 14. Bxe4 Nc5 15.
Bc2 Rf6 16. Be3 Nxe6 17. Qd3 Nf8 18. Rad1 a5 19. Rd2 a4 20. Qe4 Qa5 21. h4 Qb4
22. a3 Qa5 23. h5 Qc7 24. Bb1 Re6 25. Qg4 Ra5 26. Rc1 Qd8 27. Bf5 Rf6 28. Rdd1
Qe8 29. Bb6 Ra8 30. Be4 Qf7 31. Be3 Qe6 32. Qe2 Rf7 33. Rb1 Bg5 34. Bxg5 hxg5
35. Kg2 Qf6 36. f3 Rd8 37. Qc2 0-1

[Event "Superettan(Schack 08-Vasteras)"]
[Site "?"]
[Date "2017.03.25"]
[Round "8"]
[White "Bergstrom, Peter"]
[Black "Nyander, Joakim"]
[Result "1/2-1/2"]
[WhiteElo "2280"]
[BlackElo "2223"]
[PlyCount "80"]
1. e4 c5 2. Nf3 e6 3. d4 cxd4 4. Nxd4 a6 5. Nc3 Qc7 6. Be2 Nf6 7. O-O d6 8. a4
b6 9. f4 Bb7 10. Bf3 Nbd7 11. Nb3 Be7 12. Be3 O-O 13. Qe1 Rfe8 14. Rd1 Rac8 15.
g4 h6 16. Qg3 d5 17. e5 Ne4 18. Bxe4 dxe4 19. Rd4 Red8 20. Rfd1 Nc5 21. Qf2
Rxd4 22. Rxd4 Nxb3 23. cxb3 Bc5 24. Rd1 Bxe3 25. Qxe3 Rd8 26. Rxd8+ Qxd8 27.
Kf2 Qh4+ 28. Qg3 Qe7 29. Qe3 Qh4+ 30. Qg3 Qd8 31. Qe3 b5 32. axb5 axb5 33. Nxb5
Qd1 34. Nd6 Bd5 35. b4 Qxg4 36. b5 Qh4+ 37. Kg2 Qg4+ 38. Kf2 Qh4+ 39. Kg2 Qg4+
40. Kf2 Qh4+ 1/2-1/2

[Event "Superettan(Kamraterna-Burgsvik)"]
[Site "?"]
[Date "2017.03.25"]
[Round "8"]
[White "Persson, Mats"]
[Black "Aberg, Anton"]
[Result "1-0"]
[WhiteElo "2289"]
[BlackElo "2382"]
[PlyCount "203"]
1. d4 d5 2. Nf3 Nf6 3. g3 c6 4. Bg2 Bf5 5. O-O e6 6. c4 Be7 7. Qb3 Qb6 8. c5
Qxb3 9. axb3 Nbd7 10. b4 O-O 11. Nc3 a6 12. h3 h6 13. g4 Bh7 14. Bf4 Ne4 15.
Nxe4 Bxe4 16. Ne5 Nxe5 17. Bxe5 Rad8 18. e3 Rfe8 19. Rfe1 Bh4 20. Red1 Rd7 21.
Rd2 Bxg2 22. Kxg2 f6 23. Bd6 e5 24. dxe5 fxe5 25. f3 Rf7 26. Re2 Re6 27. Rf1
Rff6 28. Bc7 Re8 29. Bd6 Kf7 30. Bc7 Kg8 31. Bd6 Rf7 32. Rd1 Kh7 33. Rf1 Kg6
34. Rd1 Rf6 35. Rf1 Ree6 36. Bc7 Rf8 37. Bd6 Rf7 38. Rd1 Rff6 39. Bc7 Re8 40.
Bd6 Kf7 41. Bc7 e4 42. f4 Ke7 43. Be5 Rf7 44. Bc3 Kd7 45. Red2 Kc7 46. Be5+
Rxe5 47. fxe5 Kd7 48. Rf1 Rxf1 49. Kxf1 Ke6 50. Ke2 Bg3 51. Kd1 Kxe5 52. Rg2
Bh4 53. Rd2 Bg5 54. Ke2 Ke6 55. Kf2 Bh4+ 56. Ke2 Bf6 57. Rc2 d4 58. exd4 Kd5
59. b3 Bxd4 60. Rc1 Ke6 61. Kd2 Bf6 62. Rf1 Kd5 63. Ke2 Kd4 64. Rc1 Kd5 65.
Rd1+ Bd4 66. Rf1 Bf6 67. Rd1+ Bd4 68. Rf1 Bf6 69. h4 Bxh4 70. Rf7 Bf6 71. Rd7+
Ke6 72. Rxb7 Bc3 73. Ke3 Kd5 74. Rd7+ Ke6 75. Rd6+ Ke5 76. Rxc6 Bxb4 77. Rxa6
Bxc5+ 78. Ke2 Kd5 79. Ra5 Kc6 80. Ra4 Kd5 81. Ra8 Kc6 82. Re8 Kd5 83. Rg8 Bd4
84. Rc8 Bc5 85. Rc7 g5 86. Rh7 Bf8 87. Rf7 Bc5 88. Rf6 Ke5 89. Rxh6 Kf4 90. Rc6
Bg1 91. Rc4 Kxg4 92. Rxe4+ Kf5 93. Kf3 Bh2 94. b4 Bf4 95. Re8 g4+ 96. Kg2 Be5
97. b5 Bd4 98. Rd8 Be3 99. Rd3 Ba7 100. Ra3 Bc5 101. Ra6 Ke5 102. b6 1-0

[Event "Superettan(Schack 08-Vasteras)"]
[Site "?"]
[Date "2017.03.25"]
[Round "8"]
[White "Ingbrant, Johan"]
[Black "Eriksson, Anders"]
[Result "1-0"]
[WhiteElo "2362"]
[BlackElo "2251"]
[PlyCount "85"]
1. Nf3 Nf6 2. g3 b6 3. Bg2 Bb7 4. O-O c5 5. d3 g6 6. e4 d6 7. Nc3 Bg7 8. e5
dxe5 9. Nxe5 Bxg2 10. Kxg2 Nbd7 11. Nc4 O-O 12. a4 a6 13. Qf3 Ra7 14. Re1 e6
15. Bf4 Qa8 16. Bd6 Qxf3+ 17. Kxf3 Rc8 18. Ne4 Rc6 19. g4 Nxe4 20. dxe4 Bxb2
21. Rab1 Bf6 22. Red1 Bd8 23. Bb8 Ra8 24. Rxd7 Rxb8 25. Ra7 b5 26. Ne5 Rcb6 27.
a5 Rd6 28. Nxf7 Rd2 29. Nh6+ Kh8 30. Nf7+ Kg8 31. Nh6+ Kh8 32. g5 Bxa5 33. Ng4
Bd8 34. h4 c4 35. Rh1 Bb6 36. Rf7 Rc8 37. h5 Rc7 38. Rxc7 Bxc7 39. hxg6 Rd7 40.
Nf6 Rg7 41. Nxh7 Kg8 42. Nf6+ Kf8 43. Rh8+ 1-0

[Event "Superettan(Kamraterna-Burgsvik)"]
[Site "?"]
[Date "2017.03.25"]
[Round "8"]
[White "Hamark, Jesper"]
[Black "Fries-Nielsen, Niels Jorgen"]
[Result "1/2-1/2"]
[WhiteElo "2291"]
[BlackElo "2302"]
[PlyCount "115"]
[EventDate "2017.??.??"]
1. c4 a6 2. g3 c6 3. Nf3 b5 4. b3 d6 5. Bg2 e5 6. O-O Nf6 7. cxb5 axb5 8. d4 e4
9. Ng5 d5 10. f3 h6 11. Nh3 Bd6 12. Be3 O-O 13. Nc3 Re8 14. Qd2 Qe7 15. Rfe1
Bf5 16. Nf2 Nbd7 17. fxe4 dxe4 18. Rf1 Nb6 19. Nfd1 Qe6 20. Qe1 b4 21. Nb1 Ra5
22. Qd2 Rea8 23. Qc2 Ng4 24. Nd2 Qg6 25. Bxe4 Bxe4 26. Qxe4 Qxe4 27. Nxe4 Nxe3
28. Nxe3 Bf8 29. Kf2 Nd5 30. Rfc1 f5 31. Nc5 Rxa2 32. Rxa2 Rxa2 33. Ne6 Nc3 34.
Rc2 Ra3 35. Rb2 Be7 36. Kf3 g6 37. Nc4 Bf6 38. e3 Ra1 39. Nc5 Kg7 40. g4 fxg4+
41. Kxg4 Rf1 42. Kg3 h5 43. Kg2 Ra1 44. Rf2 Ra8 45. Nd6 Nd5 46. Ne6+ Kg8 47. e4
Ne3+ 48. Kf3 Ng4 49. Rc2 Ra3 50. Rxc6 Rxb3+ 51. Ke2 Rc3 52. Rb6 b3 53. Rb8+ Kh7
54. Rb7+ Kg8 55. Rb8+ Kh7 56. Rb7+ Kg8 57. Rb8+ Kh7 58. Rb7+ 1/2-1/2

[Event "Superettan(Schack 08-Vasteras)"]
[Site "?"]
[Date "2017.03.25"]
[Round "8"]
[White "Landgren, Andreas"]
[Black "Schutz, Ingemar"]
[Result "1-0"]
[WhiteElo "2215"]
[BlackElo "2194"]
[PlyCount "100"]
1. d4 Nf6 2. c4 g6 3. Nc3 Bg7 4. e4 O-O 5. Nf3 d6 6. Be2 e5 7. O-O exd4 8. Nxd4
Re8 9. f3 c6 10. Kh1 Nbd7 11. Bf4 Nh5 12. Bxd6 Qf6 13. Nc2 Nf4 14. Rf2 Nxe2 15.
Rxe2 Ne5 16. Ne3 b6 17. Bxe5 Qxe5 18. Qa4 Qc5 19. Rc1 Be6 20. Qc2 Bh6 21. Na4
Qh5 22. Rd1 Bf4 23. Nf1 Rad8 24. b3 Rxd1 25. Qxd1 b5 26. cxb5 cxb5 27. Nb2 Bc7
28. Qc1 Bb6 29. Nd3 Rd8 30. Nf4 Qh6 31. Rc2 Re8 32. Nxe6 Qxc1 33. Rxc1 Rxe6 34.
g3 f5 35. Re1 fxe4 36. Rxe4 Rc6 37. Re2 Kf7 38. Kg2 Rc1 39. f4 Ra1 40. g4 Bc7
41. Rf2 Bb6 42. Rc2 Ke6 43. Re2+ Kd5 44. Ng3 Kc5 45. f5 gxf5 46. gxf5 Kb4 47.
f6 Ka3 48. f7 Bc5 49. Ne4 Be7 50. Nc3 Bc5 1-0

[Event "Superettan(Kamraterna-Burgsvik)"]
[Site "?"]
[Date "2017.03.25"]
[Round "8"]
[White "Linusson, Pelle"]
[Black "Mohammadi, Amir"]
[Result "1/2-1/2"]
[WhiteElo "2256"]
[BlackElo "2297"]
[PlyCount "55"]
1. c4 f5 2. g3 Nf6 3. Nc3 e6 4. Bg2 d5 5. d4 c6 6. Nh3 b6 7. Qa4 Be7 8. Nf4 O-O
9. h4 Ne4 10. Qb3 Bf6 11. e3 Re8 12. Nxe4 fxe4 13. Bd2 Ba6 14. Rc1 Kh8 15. h5
Bg5 16. Bf1 Bb7 17. Bh3 Bxf4 18. gxf4 Qh4 19. Bg2 Qg4 20. Bf1 Nd7 21. Bb4 h6
22. Be2 Qg2 23. Kd2 Ba6 24. Rcf1 Nf6 25. Rhg1 Qh2 26. Rh1 Qg2 27. Rhg1 Qh2 28.
Rh1 1/2-1/2

[Event "Superettan(Schack 08-Vasteras)"]
[Site "?"]
[Date "2017.03.25"]
[Round "8"]
[White "Ottenklev, Niclas"]
[Black "Grueso Cordoba, Santiago"]
[Result "0-1"]
[WhiteElo "2168"]
[BlackElo "2229"]
[PlyCount "110"]
1. e4 c5 2. Nf3 d6 3. d4 cxd4 4. Nxd4 Nf6 5. f3 e5 6. Nb3 Be6 7. c4 Be7 8. Be3
O-O 9. Be2 Nbd7 10. Na3 a6 11. O-O Rc8 12. Rf2 Qc7 13. Bf1 Rfd8 14. Qe1 Nc5 15.
Rd1 Qc6 16. Na5 Qa4 17. Bxc5 dxc5 18. Rxd8+ Rxd8 19. Nxb7 Rd7 20. Na5 Rd1 21.
Qc3 Qb4 22. Rc2 Qb6 23. Nb3 Nd7 24. Rd2 Rxd2 25. Qxd2 Nb8 26. Nc1 Nc6 27. Nd3
h6 28. Qc3 Bg5 29. Nc2 Nb4 30. a3 Nxc2 31. Qxc2 Be3+ 32. Kh1 Bd4 33. g3 a5 34.
b3 Qa6 35. Nc1 a4 36. Kg2 Qc8 37. Bd3 Bh3+ 38. Kh1 Qa8 39. Ne2 Qa5 40. b4 cxb4
41. Qd2 Bc5 42. Ng1 Be6 43. Kg2 Qb6 44. Ne2 bxa3 45. Qc2 Qb2 46. Nc3 Bb4 47.
Na2 Bxc4 48. Qxb2 axb2 49. Bb1 Bd2 50. Kf2 Kf8 51. h4 Ke7 52. f4 Kd6 53. Kf3
Kc5 54. Kg4 Kd4 55. Kf3 Bd3 0-1

[Event "Superettan(Kamraterna-Burgsvik)"]
[Site "?"]
[Date "2017.03.25"]
[Round "8"]
[White "Svensson, Bengt"]
[Black "Akerman, Axel"]
[Result "1-0"]
[WhiteElo "2323"]
[BlackElo "2099"]
[PlyCount "103"]
1. e4 c5 2. Nf3 d6 3. d4 cxd4 4. Nxd4 Nf6 5. Nc3 g6 6. Be3 Bg7 7. f3 O-O 8. Qd2
Nc6 9. O-O-O d5 10. exd5 Nxd5 11. Nxc6 bxc6 12. Bd4 Nxc3 13. Qxc3 Bxd4 14. Rxd4
Qb6 15. Bc4 Ba6 16. Rhd1 Bxc4 17. Qxc4 a5 18. a4 Rab8 19. b3 c5 20. Rd7 Qf6 21.
Kb1 Rfc8 22. R1d3 e6 23. Qc3 e5 24. R3d6 Qf5 25. Qd3 Qf4 26. g3 Qg5 27. Qd5 Qf5
28. Rd8+ Kg7 29. Rxc8 Rxc8 30. Rc6 Re8 31. Rxc5 Qh3 32. Rc7 Qf5 33. Ra7 Rc8 34.
Qe4 Qxe4 35. fxe4 Rc5 36. Rb7 Kf6 37. Rb5 Rc3 38. Rxa5 Re3 39. Rb5 Rxe4 40. a5
Rd4 41. a6 Rd8 42. a7 Ra8 43. Rb7 Ke6 44. b4 f5 45. Kc1 f4 46. gxf4 exf4 47.
Kd2 h5 48. b5 g5 49. b6 g4 50. Rb8 g3 51. Rxa8 gxh2 52. Re8+ 1-0

[Event "Superettan(Schack 08-Vasteras)"]
[Site "?"]
[Date "2017.03.25"]
[Round "8"]
[White "Carlsson, Ludvig"]
[Black "Arvidsson, Tomas"]
[Result "0-1"]
[WhiteElo "2024"]
[BlackElo "1995"]
[PlyCount "120"]
1. d4 Nf6 2. c4 g6 3. Nc3 Bg7 4. e4 d6 5. Be2 O-O 6. g4 c5 7. d5 a6 8. a4 e6 9.
f3 exd5 10. cxd5 Nbd7 11. Be3 Rb8 12. Kf1 Ne8 13. Qd2 Ne5 14. Kg2 Bd7 15. h3 b5
16. axb5 axb5 17. f4 Nc4 18. Bxc4 bxc4 19. Nge2 f5 20. exf5 gxf5 21. g5 Qb6 22.
Rab1 Nc7 23. h4 Qb7 24. Kf2 Rfe8 25. h5 Re7 26. Rh3 Na6 27. Qe1 Nb4 28. Qh1
Nd3+ 29. Kf1 Qb3 30. Qg2 Rbe8 31. Qg1 Qc2 32. h6 Bxc3 33. Nxc3 Nxb2 34. Bxc5
Qxb1+ 35. Nxb1 Re1+ 36. Kf2 Rxg1 37. Kxg1 dxc5 38. Nc3 Nd3 39. d6 Re1+ 40. Kh2
Nxf4 41. Rf3 Nh5 42. Nd5 Re2+ 43. Kg1 Kf7 44. Rh3 Rd2 45. Nb6 Rxd6 46. Nxc4
Rd1+ 47. Kf2 Kg6 48. Ke2 Rd5 49. Nb6 Bb5+ 50. Kf2 Rd2+ 51. Kg1 Nf4 52. Rb3 Ne2+
53. Kf1 Nd4+ 54. Ke1 Nxb3 55. Nc4 Rd5 56. Nd2 Nxd2 57. Kd1 Ne4+ 58. Ke1 Nxg5
59. Kf2 Nf7 60. Ke1 Kxh6 0-1

[Event "Superettan(Kamraterna-Burgsvik)"]
[Site "?"]
[Date "2017.03.25"]
[Round "8"]
[White "Larsson, Victor"]
[Black "Borvander, Tom"]
[Result "1/2-1/2"]
[WhiteElo "2153"]
[BlackElo "2153"]
[PlyCount "109"]
1. d4 Nf6 2. c4 g6 3. Nc3 Bg7 4. e4 d6 5. Nf3 O-O 6. Be2 e5 7. O-O Nc6 8. d5
Ne7 9. b4 Nh5 10. g3 f5 11. Ng5 Nf6 12. Bf3 h6 13. Ne6 Bxe6 14. dxe6 Rb8 15. b5
Kh8 16. Be3 Nc8 17. Qd2 Ng8 18. Rad1 Re8 19. exf5 gxf5 20. Bd5 Qf6 21. Kh1 Nge7
22. c5 dxc5 23. Bxc5 Rd8 24. Qc2 b6 25. Bb4 Nd6 26. Qa4 Nxd5 27. Nxd5 Qxe6 28.
Nxc7 Qc4 29. Rc1 Qe4+ 30. f3 Qb7 31. Ne6 Rd7 32. Bxd6 Rxd6 33. Rc7 Rxe6 34.
Rxb7 Rxb7 35. Qc2 Rbe7 36. Qxf5 e4 37. fxe4 Rxe4 38. Rf2 R4e5 39. Qc8+ Re8 40.
Qd7 R5e7 41. Qd3 Re3 42. Qg6 R3e6 43. Qh5 Rd8 44. Kg2 Re5 45. Qg6 Rxb5 46. Rf7
Rg5 47. Qc6 Rd2+ 48. Kf3 Rxa2 49. Rxg7 Rxg7 50. Qxh6+ Kg8 51. Qe6+ Rf7+ 52. Ke3
Rxh2 53. g4 Rhf2 54. g5 Rf1 55. Ke2 1/2-1/2

[Event "Superettan(Schack 08-Vasteras)"]
[Site "?"]
[Date "2017.03.25"]
[Round "8"]
[White "Drugge, Patrick"]
[Black "Emmoth, Alfons"]
[Result "1/2-1/2"]
[WhiteElo "2189"]
[BlackElo "2066"]
[PlyCount "81"]
1. e4 e6 2. d4 d5 3. exd5 exd5 4. Nf3 Bd6 5. c4 c6 6. Nc3 Ne7 7. Bd3 O-O 8.
cxd5 cxd5 9. O-O Nbc6 10. a3 Bf5 11. Re1 Bxd3 12. Qxd3 f6 13. Ne2 Qc7 14. Bd2
Ng6 15. Qf5 Qf7 16. Nc3 Rad8 17. h3 Bb8 18. Ne2 Qd7 19. Qxd7 Rxd7 20. h4 h5 21.
Rac1 Kf7 22. Kf1 a6 23. g3 Re8 24. Nfg1 Ba7 25. Bc3 Re4 26. Rcd1 Nge7 27. f3
Re6 28. Nh3 Nf5 29. Kf2 g6 30. Nhf4 Re8 31. Rd3 Bb8 32. Rdd1 Ba7 33. Ng2 Nh6
34. Nef4 Rxe1 35. Nxe1 Nf5 36. Nc2 Bb8 37. Ne2 Ba7 38. Nf4 Bb8 39. Ne2 Ba7 40.
Nf4 Bb8 41. Ne2 1/2-1/2

[Event "Superettan(Kamraterna-Burgsvik)"]
[Site "?"]
[Date "2017.03.25"]
[Round "8"]
[White "Madebrink, Lars"]
[Black "Nygren, Kim"]
[Result "1-0"]
[WhiteElo "2230"]
[BlackElo "2213"]
[PlyCount "73"]
1. Nf3 c5 2. c4 Nc6 3. g3 e5 4. Nc3 d6 5. Bg2 g6 6. O-O Bg7 7. d3 Nge7 8. a3 a5
9. Bg5 O-O 10. Rb1 Be6 11. Nd5 f6 12. Nxe7+ Qxe7 13. Bd2 f5 14. Ng5 Bd7 15. b4
cxb4 16. axb4 axb4 17. Bd5+ Kh8 18. Nf3 f4 19. Bxb4 Bh3 20. Re1 g5 21. Bc3 g4
22. Nd2 Bh6 23. Ne4 fxg3 24. hxg3 Rf5 25. Qb3 Raf8 26. e3 Nd8 27. Rb2 Rh5 28.
Qb4 Qd7 29. Nxd6 Rf3 30. Qb5 Qxd6 31. Qe8+ Rf8 32. Qxh5 Bg7 33. Bb4 Qf6 34. Be4
Bh6 35. Bxf8 Qxf8 36. Rb6 Nf7 37. Qf5 1-0

[Event "Superettan(Rockaden,Sthlm II-Orgryte)"]
[Site "?"]
[Date "2017.03.25"]
[Round "8"]
[White "Tukhaev, Adam"]
[Black "Kenneskog, Theodor"]
[Result "1-0"]
[WhiteElo "2516"]
[BlackElo "2323"]
[PlyCount "65"]
[SourceDate "2017.04.06"]
1. e4 c5 2. Nf3 d6 3. d4 cxd4 4. Nxd4 Nf6 5. Nc3 a6 6. Be2 e5 7. Nb3 Be7 8. O-O
O-O 9. f3 Be6 10. Be3 Nbd7 11. a4 Rc8 12. Rf2 Nb6 13. a5 Nc4 14. Bxc4 Rxc4 15.
Rd2 Qc7 16. Na4 Nd7 17. Nb6 Nxb6 18. axb6 Qb8 19. Na5 Rcc8 20. Rc1 f5 21. c4
Rcd8 22. b4 Kh8 23. c5 dxc5 24. bxc5 fxe4 25. fxe4 Bf6 26. c6 Rxd2 27. Qxd2
bxc6 28. Nxc6 Qb7 29. Qd6 Re8 30. Qc7 Bc8 31. Na5 Qxe4 32. Qxc8 Qxe3+ 33. Kh1
1-0

[Event "Superettan(Horndal-Upsala)"]
[Site "?"]
[Date "2017.03.25"]
[Round "8"]
[White "Johansson, Jan"]
[Black "Marcus, Hakan"]
[Result "1-0"]
[WhiteElo "2355"]
[BlackElo "2182"]
[PlyCount "101"]
[EventDate "2017.??.??"]
[SourceDate "2017.04.06"]
1. e4 c6 2. d4 d5 3. e5 Bf5 4. Nf3 e6 5. Be2 Nd7 6. O-O h6 7. Nbd2 g5 8. Nb3
Bg7 9. Bd2 Ne7 10. c4 O-O 11. Bb4 Re8 12. Na5 Qc8 13. Rc1 b6 14. Nb3 Qb7 15.
Bxe7 Rxe7 16. cxd5 exd5 17. h4 g4 18. Ne1 c5 19. Bxg4 Bxg4 20. Qxg4 Nxe5 21.
dxe5 Rxe5 22. Nd2 Qa6 23. Nef3 Re6 24. Rfe1 Rg6 25. Qd7 Qxa2 26. b3 a5 27. h5
Rf6 28. Qxd5 Rf8 29. Re4 Qa3 30. Rb1 Qa2 31. Rg4 Re6 32. Qd3 b5 33. Qxb5 Rd8
34. Rd1 Qc2 35. Qf1 Qf5 36. Qc4 Qxh5 37. Rf1 Kh8 38. Re4 Red6 39. Qe2 f5 40.
Re6 Rd3 41. Nc4 Rxb3 42. Nxa5 Rb2 43. Qe3 Rc2 44. Nc6 Rc3 45. Qf4 Rf8 46. Nce5
Kh7 47. Re7 Rb3 48. Qc4 Rb4 49. Qxc5 Re4 50. Qc7 Rg8 51. Rb1 1-0

[Event "Superettan(Vaxjo-Stockholm)"]
[Site "?"]
[Date "2017.03.25"]
[Round "8"]
[White "Lokander, Martin"]
[Black "Solodovnichenko, Yuri"]
[Result "0-1"]
[WhiteElo "2311"]
[BlackElo "2569"]
[PlyCount "112"]
1. d4 d6 2. Nf3 g6 3. c4 Bg7 4. Nc3 Bg4 5. e3 c5 6. Be2 Nc6 7. O-O cxd4 8. exd4
Nh6 9. d5 Bxf3 10. Bxf3 Ne5 11. b3 Qa5 12. Bb2 Nxc4 13. bxc4 Bxc3 14. Bxc3 Qxc3
15. Qa4+ Kf8 16. Rab1 b6 17. Rxb6 axb6 18. Qxa8+ Kg7 19. Qa7 Qxc4 20. Qxe7 Nf5
21. Qb7 b5 22. h3 Re8 23. Qc6 Rc8 24. Qa6 Rc5 25. Re1 Qb4 26. Rd1 Rc2 27. Qa7
Qa4 28. Qxa4 bxa4 29. a3 Rc3 30. Ra1 Nd4 31. Bd1 Nb3 32. Bxb3 axb3 33. Kh2 Kf6
34. a4 Ke5 35. a5 Kxd5 36. a6 Rc8 37. Rd1+ Kc6 38. Rc1+ Kd7 39. Rb1 Rb8 40. a7
Ra8 41. Rxb3 Rxa7 42. Kg3 Kc6 43. Kf4 Re7 44. Rc3+ Kb5 45. Rc1 d5 46. Rb1+ Kc5
47. Rc1+ Kd6 48. Rd1 f6 49. f3 Re5 50. h4 Kc5 51. Rc1+ Kb4 52. Rc7 h6 53. Rg7
g5+ 54. Kg4 d4 55. Rd7 Kc4 56. Rd6 d3 0-1

[Event "Superettan(Rockaden,Sthlm II-Orgryte)"]
[Site "?"]
[Date "2017.03.25"]
[Round "8"]
[White "Tuomainen, Felix"]
[Black "Kumar, Rahul"]
[Result "1-0"]
[WhiteElo "2260"]
[BlackElo "2214"]
[PlyCount "105"]
1. d4 d6 2. g3 g6 3. Bg2 Bg7 4. e4 Nd7 5. Ne2 e6 6. O-O Ne7 7. Be3 h6 8. Qd2 d5
9. c4 Nf6 10. Nbc3 dxe4 11. Nxe4 Nf5 12. Rad1 Nxe4 13. Bxe4 Nxe3 14. Qxe3 O-O
15. Nf4 c6 16. h4 Qb6 17. c5 Qxb2 18. Rd2 Qb4 19. Bb1 Bd7 20. h5 g5 21. Qd3
Rfd8 22. Qh7+ Kf8 23. Ng6+ fxg6 24. Rd3 Be8 25. Rf3+ Bf7 26. hxg6 Rd7 27. gxf7
Rxf7 28. Rxf7+ Kxf7 29. Qg6+ Kf8 30. Qxe6 Qxd4 31. Re1 Qd5 32. Qe7+ Kg8 33.
Qxb7 Rf8 34. Qe7 Qd2 35. Qe6+ Rf7 36. Bg6 Qxf2+ 37. Kh1 Qf3+ 38. Kh2 Qf2+ 39.
Kh3 Qf6 40. Bxf7+ Qxf7 41. Qb3 Bf8 42. Rf1 Qxb3 43. axb3 Bxc5 44. Rc1 Be3 45.
Rc3 Bf2 46. Rxc6 Kg7 47. g4 Bg1 48. Kg2 Be3 49. Kf3 Bg1 50. Ke4 Bf2 51. Kf5 Bg1
52. Rc7+ Kf8 53. Kg6 1-0

[Event "Superettan(Horndal-Upsala)"]
[Site "?"]
[Date "2017.03.25"]
[Round "8"]
[White "Olsson, Krister"]
[Black "Johansson, Thomas"]
[Result "1/2-1/2"]
[WhiteElo "2388"]
[BlackElo "2236"]
[PlyCount "48"]
1. d4 d5 2. c4 c6 3. Nc3 Nf6 4. cxd5 cxd5 5. Bf4 Nc6 6. e3 a6 7. Bd3 Bg4 8.
Nge2 Rc8 9. O-O e6 10. Qb3 Na5 11. Qa4+ Nc6 12. Ng3 Nh5 13. Nxh5 Bxh5 14. e4
Bg6 15. exd5 Bxd3 16. dxc6 Rxc6 17. d5 b5 18. Qd1 Rxc3 19. bxc3 Bxf1 20. Kxf1
Qxd5 21. Qxd5 exd5 22. Rd1 Be7 23. Rxd5 O-O 24. Rd7 Bf6 1/2-1/2

[Event "Superettan(Vaxjo-Stockholm)"]
[Site "?"]
[Date "2017.03.25"]
[Round "8"]
[White "Lindberg, Bengt"]
[Black "Ertan, Can"]
[Result "1-0"]
[WhiteElo "2376"]
[BlackElo "2385"]
[PlyCount "93"]
1. e4 e5 2. Nf3 Nc6 3. Bb5 a6 4. Ba4 Nf6 5. O-O Be7 6. Re1 b5 7. Bb3 O-O 8. c3
d5 9. exd5 Nxd5 10. Nxe5 Nxe5 11. Rxe5 c6 12. d4 Bd6 13. Re1 Qh4 14. g3 Qh3 15.
Re4 g5 16. Qf1 Qh5 17. Nd2 Nf6 18. f3 Bf5 19. a4 b4 20. Re1 Rae8 21. Ne4 Nxe4
22. fxe4 Rxe4 23. Bd2 Rg4 24. Qg2 bxc3 25. bxc3 Rb8 26. Bd1 Rb2 27. Bxg4 Bxg4
28. Re3 c5 29. Qf2 Qg6 30. Rae1 Kg7 31. Re4 Bf5 32. Re8 Bd7 33. Rd8 Bc6 34.
dxc5 Rxd2 35. Rxd6 Rxd6 36. cxd6 Qxd6 37. Qd4+ Qxd4+ 38. cxd4 Bxa4 39. d5 Kf8
40. d6 Bd7 41. Re7 Bb5 42. Kf2 h6 43. Ke3 Bf1 44. Ke4 a5 45. Ke5 Bg2 46. Kf6
Bd5 47. d7 1-0

[Event "Superettan(Rockaden,Sthlm II-Orgryte)"]
[Site "?"]
[Date "2017.03.25"]
[Round "8"]
[White "Ziegler, Ari"]
[Black "Zadruzny, Nicolaj"]
[Result "1-0"]
[WhiteElo "2299"]
[BlackElo "2257"]
[PlyCount "65"]
1. d4 d5 2. Bf4 c5 3. e3 Nc6 4. c3 Nf6 5. Nd2 Bf5 6. Ngf3 e6 7. Qb3 Qb6 8. Qxb6
axb6 9. Bb5 Be7 10. Bc7 Nd7 11. Ne5 Ndxe5 12. Bxe5 f6 13. Bc7 Bd8 14. Bxd8 Kxd8
15. Bxc6 bxc6 16. dxc5 bxc5 17. Nb3 Rb8 18. O-O-O Rb5 19. f3 Kc7 20. e4 dxe4
21. fxe4 Bxe4 22. Nd2 Bd3 23. a4 Rbb8 24. Nb3 Be2 25. Nxc5 Bxd1 26. Rxd1 Rbe8
27. Rd7+ Kc8 28. a5 Rd8 29. Ra7 Kb8 30. Rf7 Ka8 31. Na4 Rhf8 32. Nb6+ Kb8 33.
Rxf8 1-0

[Event "Superettan(Horndal-Upsala)"]
[Site "?"]
[Date "2017.03.25"]
[Round "8"]
[White "Thorgeirsson, Sverrir"]
[Black "Angskog, Kent"]
[Result "1-0"]
[WhiteElo "2283"]
[BlackElo "2181"]
[PlyCount "115"]
1. d4 d6 2. e4 g6 3. Nc3 Bg7 4. Be3 c6 5. h3 b5 6. Bd3 Nd7 7. Nf3 Bb7 8. O-O a6
9. a4 b4 10. Ne2 c5 11. c3 Ngf6 12. Ng3 bxc3 13. bxc3 Qc7 14. Qd2 h5 15. Bg5
Nh7 16. Bh6 Bf6 17. Rfb1 h4 18. Nf1 Nhf8 19. N1h2 Ne6 20. d5 Nef8 21. Ng4 c4
22. Bc2 a5 23. Nxf6+ exf6 24. Bf4 Ne5 25. Nd4 Bc8 26. Qe2 Bd7 27. Nb5 Bxb5 28.
Rxb5 Nfd7 29. Be3 g5 30. Rab1 Qc8 31. f4 gxf4 32. Bxf4 Rh7 33. Be3 Kf8 34. Qf2
Kg8 35. Qf5 Rg7 36. Kh1 Rg3 37. Bd4 Rg5 38. Qf2 Qf8 39. Qxh4 Qg7 40. Qf2 Qg6
41. Be3 Rh5 42. Bf4 Kg7 43. Re1 Rah8 44. Qg3 Rg5 45. Bxg5 fxg5 46. Rf1 g4 47.
Rf5 Qh6 48. Rb1 Kf8 49. h4 Qd2 50. Rf2 Qg5 51. Kg1 Rxh4 52. Rf5 Qh6 53. Qf4
Rh1+ 54. Kf2 g3+ 55. Kxg3 Qh2+ 56. Kf2 Rxb1 57. Qxh2 Ng4+ 58. Kg3 1-0